000 01568nam a2200373 c 4500
003 BLK
005 20250428145712.0
008 180410b bul|||||r ||||||| ||bul||
010 _aKNG00156429000
020 _a978-954-399-032-0
_bиздат.: Санома Блясък България
040 _aBLK
041 _aBUL
_cBUL
072 7 _2bullib
_aН83
_xЧужда художествена литература Н
080 _aАнглийска литература
_b821.111
_x-31
_z821.111-31
100 1 _aКолинс, Джоан
_eпърви автор
_9242838
700 1 _aСавова, Иванка Савова
_eпрев.
_9374588
139 _aКолинс, Джоан
_bК 78
245 1 0 _aЗвездни момичета
_bРоман
_cДжоан Колинс; прев. Иванка Савова Савова.
250 _a2. изд.
257 _aGBR
260 София
_bСанома Блясък България
_c2013
300 _a262 с.
_c20 см
380 _aX
490 1 _aСветовни бестселъри
_v1
500 _a1. изд. 2002 на изд. Хермес в сер. Мегаселър. - Ориг. загл. Star Quality / Joan Collins. - Разпространява се със сп. Журнал за жената.
653 _aромани
659 _aН
852 _aЦб 268009
856 4 _qpdf
_u
856 4 _qpdf
_u
942 _cKNG
_n0
_040
944 _aCR
_c11.02.2014
_lЦветомила Тодорова
_k30576
944 _aED
_c14.09.2017
_lф /
_kЛюдмила_Стоянова
999 _c150119
_d150119